Rozvojové krajiny vo svetovom hospodárstve analýza vybraných oblastí

Gespeichert in:
Bibliographische Detailangaben
1. Verfasser: Obadi, Saleh Mothana
Körperschaft: Ekonomická univerzita v Bratislave. Obchodná fakulta
Format: Buch
Sprache:Slowakisch
Veröffentlicht: Bratislava Vydavateľstvo EKONÓM 2012
Ausgabe:1. vyd.
Schlagworte:
Tags: Tag hinzufügen
Keine Tags, Fügen Sie das erste Tag hinzu!

MARC

LEADER 00000nam a2200000 4500
001 0160814
005 20230113073643.2
020 |a 978-80-225-3436-9 
041 0 |a slo 
044 |a SK 
245 1 0 |a Rozvojové krajiny vo svetovom hospodárstve  |b analýza vybraných oblastí  |c Saleh Mothana Obadi 
250 |a 1. vyd. 
264 1 |a Bratislava  |b Vydavateľstvo EKONÓM  |c 2012 
300 |a 102 s. [6,109 AH] 
610 2 0 |a krajiny rozvojové 
610 2 0 |a hospodárstvo svetové 
610 2 0 |a pomoc rozvojová 
610 2 0 |a integrácia ekonomická medzinárodná 
610 2 0 |a zadlženosť zahraničná 
100 1 |a Obadi, Saleh Mothana 
710 2 |a Ekonomická univerzita v Bratislave. Obchodná fakulta